[Event "WinterChess sub 2200 enero 2013"]
[Site "Palma de Mallorca ESP"]
[Date "2013.01.19"]
[Round "8.11"]
[White "Cerdo Fernandez, Miguel"]
[Black "Caliz Morales, Felipe"]
[Result "1-0"]
[WhiteElo "1946"]
[BlackElo "1838"]
[PlyCount "45"]
[EventDate "2013.01.12"]
[EventType "swiss"]
[EventRounds "9"]
[EventCountry "ESP"]
[Source "lmi"]
[SourceDate "2013.01.12"]

1. e4 c5 2. Nf3 d6 3. d4 cxd4 4. Nxd4 Nf6 5. Nc3 Nc6 6. f3 a6 7. Be3 g6 8. Qd2
Bg7 9. O-O-O Nxd4 10. Bxd4 Bd7 11. Nd5 O-O 12. Bb6 Qe8 13. Nc7 Qc8 14. Nxa8
Qxa8 15. Bc4 Qc8 16. Bb3 Qc6 17. Be3 b5 18. h4 Ra8 19. h5 a5 20. hxg6 hxg6 21.
Bh6 Bh8 22. Qg5 Rc8 23. Qxg6+ 1-0

[Event "WinterChess sub 2200 enero 2013"]
[Site "Palma de Mallorca ESP"]
[Date "2013.01.19"]
[Round "8.12"]
[White "Nadal Tur, Antonio"]
[Black "Aguilo Pons, Francesc"]
[Result "0-1"]
[WhiteElo "1706"]
[BlackElo "1944"]
[PlyCount "86"]
[EventDate "2013.01.12"]
[EventType "swiss"]
[EventRounds "9"]
[EventCountry "ESP"]
[Source "lmi"]
[SourceDate "2013.01.12"]

1. e4 c5 2. Nf3 d6 3. Bb5+ Bd7 4. Bxd7+ Qxd7 5. O-O Nc6 6. Re1 Nf6 7. c3 Rc8 8.
d4 cxd4 9. cxd4 g6 10. Nc3 Bg7 11. Bg5 h6 12. Bf4 Qg4 13. Bg3 O-O 14. d5 Nb4
15. Qb3 Nd3 16. Re3 Nc5 17. Qb4 Qd7 18. h3 Nh5 19. Bh2 Bxc3 20. Rxc3 f6 21. Qd4
b6 22. Qe3 g5 23. Nd4 Ng7 24. h4 Qg4 25. f3 Qd7 26. Rac1 a5 27. hxg5 hxg5 28.
f4 Qg4 29. f5 Kf7 30. a3 Nxe4 31. Nc6 Nxc3 32. Qxe7+ Kg8 33. bxc3 Rce8 34. Qxd6
Nxf5 35. Ne5 fxe5 36. Qg6+ Ng7 37. Qxb6 a4 38. d6 Rb8 39. Qc6 e4 40. Qd5+ Ne6
41. Qa2 e3 42. c4 Rf2 43. Qxf2 exf2+ 0-1

[Event "WinterChess sub 2200 enero 2013"]
[Site "Palma de Mallorca ESP"]
[Date "2013.01.19"]
[Round "8.13"]
[White "Nadal Bestard, Sebastia"]
[Black "Bergas Ferriol, Jeronimo"]
[Result "0-1"]
[WhiteElo "1852"]
[BlackElo "2050"]
[PlyCount "62"]
[EventDate "2013.01.12"]
[EventType "swiss"]
[EventRounds "9"]
[EventCountry "ESP"]
[Source "lmi"]
[SourceDate "2013.01.12"]

1. c4 e5 2. d3 d6 3. g3 f5 4. Nc3 Nf6 5. Bg2 Be7 6. b4 O-O 7. Nf3 c6 8. O-O Kh8
9. Rb1 Qc7 10. a4 Be6 11. Bb2 Nbd7 12. Qd2 Rae8 13. Rfc1 Nh5 14. Ng5 Bg8 15. b5
f4 16. Nf3 Ndf6 17. a5 Qxa5 18. Ra1 Qb6 19. Na4 Qd8 20. bxc6 bxc6 21. c5 Bd5
22. Nc3 Bxf3 23. Bxf3 d5 24. g4 e4 25. dxe4 Bxc5 26. Nxd5 Bxf2+ 27. Kxf2 Nxe4+
28. Bxe4 Qh4+ 29. Kg1 Qxg4+ 30. Bg2 Rxe2 31. h3 Qxg2# 0-1

[Event "WinterChess sub 2200 enero 2013"]
[Site "Palma de Mallorca ESP"]
[Date "2013.01.19"]
[Round "8.14"]
[White "Figuerola Campins, Antonio"]
[Black "Rubert Alfonso, Victor"]
[Result "1/2-1/2"]
[WhiteElo "1889"]
[BlackElo "1591"]
[PlyCount "99"]
[EventDate "2013.01.12"]
[EventType "swiss"]
[EventRounds "9"]
[EventCountry "ESP"]
[Source "lmi"]
[SourceDate "2013.01.12"]

1. e4 e5 2. Nf3 Nc6 3. Bc4 Bc5 4. b4 Bxb4 5. c3 Ba5 6. d4 exd4 7. O-O d6 8. Qb3
Qe7 9. Ba3 Bb6 10. e5 Na5 11. Qa4+ Bd7 12. Bb5 c6 13. Bd3 c5 14. Qd1 O-O-O 15.
cxd4 dxe5 16. Re1 Bg4 17. Rxe5 Qc7 18. Bxc5 Nf6 19. Nc3 Rxd4 20. Nb5 Qxe5 21.
Bxd4 Bxd4 22. Qc1+ Qc5 23. Nfxd4 Qxc1+ 24. Rxc1+ Kb8 25. f3 Bh5 26. Bf5 a6 27.
Na3 Bg6 28. Bh3 Rd8 29. Nf5 Nh5 30. Rc5 Nc6 31. Nc4 Nf4 32. Nh4 Rd1+ 33. Kf2
Nd3+ 34. Ke2 Nxc5 35. Kxd1 Bd3 36. Nd6 Bb1 37. a3 Ba2 38. Kc1 g6 39. Kb2 Bd5
40. Ne8 Ne5 41. Nf6 Be6 42. Bxe6 Nxe6 43. Nxh7 Nd7 44. g3 Kc7 45. f4 Kd6 46. f5
gxf5 47. Nxf5+ Ke5 48. g4 Kf4 49. Nd6 Kxg4 50. Nxf7 1/2-1/2

[Event "WinterChess sub 2200 enero 2013"]
[Site "Palma de Mallorca ESP"]
[Date "2013.01.19"]
[Round "8.15"]
[White "Oliver Marquet, Juan"]
[Black "Dominguez Marquez, Juan Carlos"]
[Result "1-0"]
[WhiteElo "1857"]
[BlackElo "1738"]
[PlyCount "161"]
[EventDate "2013.01.12"]
[EventType "swiss"]
[EventRounds "9"]
[EventCountry "ESP"]
[Source "lmi"]
[SourceDate "2013.01.12"]

1. d4 Nf6 2. c4 e6 3. Nc3 Bb4 4. Qc2 c5 5. e3 d5 6. Nf3 Nc6 7. a3 Ba5 8. dxc5
Bxc3+ 9. Qxc3 O-O 10. b4 Ne4 11. Qc2 a5 12. b5 Ne7 13. Bd3 f5 14. cxd5 exd5 15.
Bb2 Ng6 16. O-O Nh4 17. Nxh4 Qxh4 18. Bxe4 fxe4 19. c6 Qg5 20. Rfc1 bxc6 21.
bxc6 Bg4 22. Qd2 Bh3 23. g3 Qf5 24. Qe2 Bg4 25. Qe1 Qh5 26. Rc5 Qf5 27. Qd2 Kh8
28. Rxd5 Qf3 29. Rg5 Ra7 30. Rxg4 Qxg4 31. Rc1 Raf7 32. Rf1 Qh3 33. Qd4 Qe6 34.
Qb6 Qd5 35. Bd4 Qd6 36. Qb2 Qd5 37. Qb6 h6 38. a4 Qa2 39. c7 Qc2 40. Qxh6+ Kg8
41. Qe6 Qxc7 42. Qxe4 Qc4 43. f4 Qxa4 44. h4 Qd7 45. Kg2 a4 46. h5 Qg4 47. h6
gxh6 48. Qe5 Rg7 49. Qd5+ Rgf7 50. Qe5 Kh7 51. Qe4+ Rf5 52. Qe7+ R8f7 53. Qe8
Rf8 54. Qxa4 Rh5 55. Qc2+ Rhf5 56. Rh1 Qg6 57. Qc7+ R5f7 58. Qe5 Qc6+ 59. Kg1
Qc1+ 60. Kg2 Qc2+ 61. Kf3 Rg8 62. Qe6 Qg6 63. Qxg6+ Kxg6 64. Rc1 Rb7 65. e4
Rb3+ 66. Rc3 Rgb8 67. Kg4 h5+ 68. Kh4 Rxc3 69. Bxc3 Rb3 70. f5+ Kf7 71. Bd2 Kf6
72. Bf4 Rb1 73. Kxh5 Rh1+ 74. Kg4 Re1 75. e5+ Kf7 76. Kg5 Kg7 77. e6 Re4 78.
f6+ Kh7 79. e7 Kg8 80. Kg6 Re6 81. e8=Q+ 1-0

[Event "WinterChess sub 2200 enero 2013"]
[Site "Palma de Mallorca ESP"]
[Date "2013.01.19"]
[Round "8.16"]
[White "Martinez Vicario, Jose Maria"]
[Black "Carranza Pons, Ricardo Nelson"]
[Result "1-0"]
[WhiteElo "2131"]
[BlackElo "1741"]
[PlyCount "55"]
[EventDate "2013.01.12"]
[EventType "swiss"]
[EventRounds "9"]
[EventCountry "ESP"]
[Source "lmi"]
[SourceDate "2013.01.12"]

1. e4 Nf6 2. Nc3 d5 3. exd5 Nxd5 4. Bc4 Nb6 5. Bb3 Bf5 6. Qf3 Qc8 7. d3 Nc6 8.
Nge2 e5 9. Qg3 Be6 10. O-O Bxb3 11. axb3 Qe6 12. Be3 Qg6 13. Nb5 Rc8 14. Nxa7
Qxg3 15. Nxg3 Nxa7 16. Rxa7 Rb8 17. Re1 Nd5 18. Bd2 f6 19. d4 Bd6 20. c4 Bb4
21. Bxb4 Nxb4 22. dxe5 fxe5 23. Rxe5+ Kd7 24. Ra4 Nc6 25. Rd5+ Ke6 26. Ra1 Rbe8
27. Re1+ Kf7 28. Rf5+ 1-0

[Event "WinterChess sub 2200 enero 2013"]
[Site "Palma de Mallorca ESP"]
[Date "2013.01.19"]
[Round "8.17"]
[White "Coll Verger, Amador"]
[Black "Prill, Gerhard"]
[Result "0-1"]
[WhiteElo "1712"]
[BlackElo "2056"]
[PlyCount "86"]
[EventDate "2013.01.12"]
[EventType "swiss"]
[EventRounds "9"]
[EventCountry "ESP"]
[Source "lmi"]
[SourceDate "2013.01.12"]

1. c4 e5 2. Nc3 Nf6 3. g3 d5 4. cxd5 Nxd5 5. Bg2 Nb6 6. Nf3 Nc6 7. O-O Be7 8.
d3 Be6 9. Bd2 O-O 10. Qc1 f6 11. a4 a6 12. Ne4 Nd7 13. Rb1 a5 14. Nc3 Nc5 15.
Qe1 Qd7 16. b3 Nxb3 17. Qd1 Nc5 18. Be3 Nb4 19. Bxc5 Bxc5 20. Nd2 c6 21. Nce4
Be7 22. Nc3 Rfd8 23. Qc1 Rac8 24. Rd1 b6 25. Nc4 Qa7 26. Qb2 Qa6 27. Na3 Rc7
28. h3 f5 29. f3 Bc5+ 30. Kh2 Qc8 31. Qc1 f4 32. gxf4 exf4 33. Ne4 Be3 34. Qb2
Rd5 35. Nc4 Bd4 36. Ncd6 Qf8 37. Qc1 Rxd6 38. Nxd6 Qxd6 39. Qa3 Qe5 40. Bf1 Qg5
41. Bg2 Qg3+ 42. Kh1 Bxh3 43. Rg1 Be6 0-1

[Event "WinterChess sub 2200 enero 2013"]
[Site "Palma de Mallorca ESP"]
[Date "2013.01.19"]
[Round "8.18"]
[White "Ramis Sebastia, Jordi Salvador"]
[Black "Schenk Papke, Andres"]
[Result "0-1"]
[WhiteElo "1696"]
[BlackElo "2046"]
[PlyCount "70"]
[EventDate "2013.01.12"]
[EventType "swiss"]
[EventRounds "9"]
[EventCountry "ESP"]
[Source "lmi"]
[SourceDate "2013.01.12"]

1. d4 d5 2. c4 e6 3. Nc3 c5 4. cxd5 cxd4 5. Qxd4 Nc6 6. Qd1 exd5 7. e3 Nf6 8.
Nf3 Bd6 9. g3 Bg4 10. Bg2 O-O 11. O-O Ne5 12. Nxd5 Bb8 13. h3 Bxf3 14. Bxf3
Nxf3+ 15. Qxf3 Qxd5 16. Qe2 Qh5 17. Qxh5 Nxh5 18. Bd2 Be5 19. Rab1 Rfd8 20. Bb4
Rac8 21. Kg2 g6 22. f4 Bg7 23. g4 Nf6 24. Kf3 Nd5 25. Ba3 b5 26. b3 Rc3 27.
Rfe1 Re8 28. Bc1 Rc2 29. a4 b4 30. g5 f5 31. h4 Rec8 32. e4 fxe4+ 33. Kg3 e3
34. Bxe3 R2c3 35. Kf3 Re8 0-1

[Event "WinterChess sub 2200 enero 2013"]
[Site "Palma de Mallorca ESP"]
[Date "2013.01.19"]
[Round "8.20"]
[White "Garcia Comendador, Simon"]
[Black "Orcera Gomez, Francisco"]
[Result "0-1"]
[WhiteElo "1643"]
[BlackElo "1783"]
[PlyCount "76"]
[EventDate "2013.01.12"]
[EventType "swiss"]
[EventRounds "9"]
[EventCountry "ESP"]
[Source "lmi"]
[SourceDate "2013.01.12"]

1. e4 c5 2. c3 e5 3. Nf3 Nc6 4. d4 cxd4 5. cxd4 exd4 6. Nxd4 Nf6 7. Bg5 Qa5+ 8.
Bd2 Qe5 9. Nxc6 Qxe4+ 10. Be2 dxc6 11. O-O Be6 12. Bf3 Qg6 13. Re1 Be7 14. Bc3
Rd8 15. Qe2 O-O 16. Nd2 Rd7 17. Ne4 Rfd8 18. Ba5 Re8 19. h4 Qf5 20. Bc3 Nd5 21.
Ng3 Nxc3 22. bxc3 Qf4 23. h5 Rd2 24. Qf1 Red8 25. Ne2 Qa4 26. Nd4 Bc4 27. Be2
Bxe2 28. Rxe2 Rxe2 29. Qxe2 Bf6 30. Re1 h6 31. Nb3 Bxc3 32. Rc1 Bf6 33. Nc5 Qb4
34. Qc2 Rd2 35. Qf5 b6 36. Qc8+ Rd8 37. Na6 Qa3 38. Qxc6 Qxa6 0-1

[Event "WinterChess sub 2200 enero 2013"]
[Site "Palma de Mallorca ESP"]
[Date "2013.01.19"]
[Round "8.21"]
[White "Gutierrez Renedo, Manuel"]
[Black "Abrines Sampol, Lorenzo"]
[Result "1-0"]
[WhiteElo "1747"]
[BlackElo "1701"]
[PlyCount "53"]
[EventDate "2013.01.12"]
[EventType "swiss"]
[EventRounds "9"]
[EventCountry "ESP"]
[Source "lmi"]
[SourceDate "2013.01.12"]

1. b3 c5 2. Bb2 Nc6 3. e3 d5 4. f4 Nf6 5. Nf3 Bf5 6. Bb5 a6 7. Bxc6+ bxc6 8.
Ne5 Qd6 9. O-O d4 10. d3 Rd8 11. Nd2 dxe3 12. Ndc4 Qc7 13. Qf3 Nd5 14. Nxe3
Nxe3 15. Qxe3 e6 16. g4 Bg6 17. f5 f6 18. fxg6 hxg6 19. Nf3 e5 20. Qe4 Rd7 21.
Qxg6+ Kd8 22. Rad1 Rh6 23. Qe4 Bd6 24. d4 Re7 25. dxe5 fxe5 26. Bc1 Rf6 27. Bg5
1-0

[Event "WinterChess sub 2200 enero 2013"]
[Site "Palma de Mallorca ESP"]
[Date "2013.01.19"]
[Round "8.22"]
[White "Trillo-Figueroa Vidal, Antonio"]
[Black "Castell Cantero, Jose Juan"]
[Result "1-0"]
[WhiteElo "1743"]
[BlackElo "1530"]
[PlyCount "76"]
[EventDate "2013.01.12"]
[EventType "swiss"]
[EventRounds "9"]
[EventCountry "ESP"]
[Source "lmi"]
[SourceDate "2013.01.12"]

1. e4 d5 2. exd5 Qxd5 3. Nc3 Qd8 4. d4 c6 5. Nf3 Bf5 6. Bc4 Nf6 7. O-O e6 8.
Bg5 Nbd7 9. Re1 Qc7 10. Qe2 Be7 11. Rad1 O-O 12. h3 Bd6 13. Bxf6 Nxf6 14. Bd3
Nh5 15. Bxf5 exf5 16. Qd3 g6 17. Ne5 f6 18. Qc4+ Kg7 19. Nd3 Bh2+ 20. Kh1 Nf4
21. Nxf4 Bxf4 22. Re6 Qb6 23. Re7+ Kh6 24. b3 Rad8 25. a4 Bd6 26. Re6 Qc7 27.
Rde1 a5 28. R1e3 f4 29. Re2 Kg5 30. Ne4+ Kf5 31. g4+ fxg3 32. Nxd6+ Rxd6 33.
Qd3+ Kg5 34. Qxg3+ Kh6 35. Qxd6 Qg7 36. Re7 Qg8 37. Qf4+ g5 38. Qf5 b6 1-0

[Event "WinterChess sub 2200 enero 2013"]
[Site "Palma de Mallorca ESP"]
[Date "2013.01.19"]
[Round "8.23"]
[White "Alcover Balaguer, Jordi"]
[Black "Mateu Mir, Gabriel"]
[Result "1-0"]
[WhiteElo "1736"]
[BlackElo "1552"]
[PlyCount "99"]
[EventDate "2013.01.12"]
[EventType "swiss"]
[EventRounds "9"]
[EventCountry "ESP"]
[Source "lmi"]
[SourceDate "2013.01.12"]

1. d4 d5 2. c4 c6 3. Nf3 h6 4. Nc3 Bf5 5. cxd5 cxd5 6. Qb3 e6 7. Qxb7 Nd7 8.
Bf4 Ngf6 9. e3 Be7 10. Bc7 Qc8 11. Qxc8+ Rxc8 12. Ba5 O-O 13. Be2 Ne4 14. O-O
Rb8 15. b3 Rfc8 16. Rfc1 Ba3 17. Rc2 Nef6 18. Rd2 Ne4 19. Nxe4 Bxe4 20. Ne1 Rc1
21. Rxc1 Bxc1 22. Rd1 Ba3 23. Bd3 Rc8 24. Bxe4 dxe4 25. Kf1 Rc6 26. Rd2 Nb6 27.
Rc2 Rxc2 28. Nxc2 Bb2 29. Bxb6 axb6 30. Nb4 f5 31. Nc6 Kf8 32. Ke2 Ba3 33. Kd2
g5 34. Ne5 b5 35. Kc3 h5 36. Nc6 f4 37. Nb4 fxe3 38. fxe3 Ke7 39. Nc2 Bd6 40.
h3 Kd7 41. a4 bxa4 42. bxa4 e5 43. d5 Bc5 44. Kc4 Kd6 45. a5 Ba7 46. Nb4 Bxe3
47. Nc2 Ba7 48. Na3 Bd4 49. Nb5+ Kd7 50. Nxd4 1-0

[Event "WinterChess sub 2200 enero 2013"]
[Site "Palma de Mallorca ESP"]
[Date "2013.01.19"]
[Round "8.24"]
[White "Cristea, Adrian"]
[Black "Alemany Ramon, Angel"]
[Result "1-0"]
[WhiteElo "1582"]
[BlackElo "1394"]
[PlyCount "63"]
[EventDate "2013.01.12"]
[EventType "swiss"]
[EventRounds "9"]
[EventCountry "ESP"]
[Source "lmi"]
[SourceDate "2013.01.12"]

1. d4 Nf6 2. c4 g6 3. Nc3 Bg7 4. e4 d6 5. Be2 O-O 6. Nf3 Nbd7 7. h3 c6 8. Be3
Qa5 9. O-O e5 10. d5 c5 11. Nh2 a6 12. Bd2 Qd8 13. a3 b6 14. Rb1 Re8 15. Bd3
Nh5 16. Ne2 Nf8 17. b4 Bd7 18. f4 exf4 19. Rf3 g5 20. Qc2 f5 21. exf5 Bxf5 22.
Re1 Rxe2 23. Rxe2 Bd4+ 24. Kf1 Ng3+ 25. Rxg3 fxg3 26. Nf3 Qf6 27. Bxf5 h6 28.
Qe4 Be5 29. Nxe5 dxe5 30. Qf3 Re8 31. Bg4 e4 32. Qxf6 1-0

[Event "WinterChess sub 2200 enero 2013"]
[Site "Palma de Mallorca ESP"]
[Date "2013.01.19"]
[Round "8.26"]
[White "Rossello Sanchez, Bartolome"]
[Black "Porcel Jimenez, Ramon"]
[Result "1-0"]
[WhiteElo "1345"]
[BlackElo "1447"]
[PlyCount "143"]
[EventDate "2013.01.12"]
[EventType "swiss"]
[EventRounds "9"]
[EventCountry "ESP"]
[Source "lmi"]
[SourceDate "2013.01.12"]

1. d4 Nf6 2. e3 g6 3. Nf3 Bg7 4. c4 d6 5. h3 O-O 6. Nc3 c6 7. Bd3 Nbd7 8. b3 e5
9. Qc2 Re8 10. Ba3 Qc7 11. Rc1 Qb8 12. Kf1 b6 13. Ne4 Nxe4 14. Bxe4 Bb7 15. Bd3
Nf6 16. Be2 d5 17. c5 e4 18. Nh2 Qc8 19. g4 Ba6 20. Ke1 Bxe2 21. Qxe2 Qe6 22.
h4 b5 23. h5 gxh5 24. g5 Ng4 25. Kd2 Qf5 26. Rcf1 Re6 27. Nxg4 hxg4 28. Rh5 Qf3
29. Qe1 g3 30. Rh3 gxf2 31. Qxf2 Qxf2+ 32. Rxf2 f6 33. gxf6 Rxf6 34. Rfh2 h6
35. Kc2 Raf8 36. Bb4 Rf2+ 37. Rxf2 Rxf2+ 38. Bd2 Kh7 39. Kd1 Bf6 40. a4 a6 41.
a5 Rg2 42. b4 Kg6 43. Rh1 h5 44. Be1 Bg5 45. Rh3 Bh6 46. Bh4 Kf5 47. Ke1 Bxe3
48. Rxe3 Rb2 49. Bf2 Kg4 50. Kf1 Rxb4 51. Rg3+ Kf4 52. Kg2 Ra4 53. Be3+ Kf5 54.
Rg5+ Ke6 55. Rxh5 Rxa5 56. Rh6+ Kd7 57. Rh7+ Ke6 58. Bf4 Ra2+ 59. Kg3 Ra3+ 60.
Kg4 Ra2 61. Rh6+ Kd7 62. Rd6+ Kc7 63. Rxd5+ Kb7 64. Rd7+ Kc8 65. Rc7+ Kd8 66.
Rxc6 a5 67. Rd6+ Kc8 68. c6 Rc2 69. d5 b4 70. Re6 Rg2+ 71. Kf5 Rg1 72. c7 1-0

[Event "WinterChess sub 2200 enero 2013"]
[Site "Palma de Mallorca ESP"]
[Date "2013.01.19"]
[Round "9.1"]
[White "Torres Tur, Juan"]
[Black "Shen, Yue"]
[Result "0-1"]
[WhiteElo "2045"]
[BlackElo "2150"]
[PlyCount "56"]
[EventDate "2013.01.12"]
[EventType "swiss"]
[EventRounds "9"]
[EventCountry "ESP"]
[Source "lmi"]
[SourceDate "2013.01.12"]

1. d4 Nf6 2. Nf3 e6 3. Bg5 Be7 4. e3 c5 5. c3 Qb6 6. Qb3 d5 7. Nbd2 Nbd7 8. Bd3
c4 9. Qxb6 axb6 10. Bc2 b5 11. O-O b4 12. e4 h6 13. exd5 hxg5 14. dxe6 fxe6 15.
Bg6+ Kf8 16. Nxc4 Nd5 17. cxb4 b5 18. Ne3 g4 19. Ne5 Nxe5 20. dxe5 Bd7 21. Bd3
Rb8 22. Nc2 Nxb4 23. Nxb4 Bxb4 24. a3 Ba5 25. Be2 Bc7 26. Rad1 Ke7 27. Bxg4
Bxe5 28. Rd2 Bxh2+ 0-1

[Event "WinterChess sub 2200 enero 2013"]
[Site "Palma de Mallorca ESP"]
[Date "2013.01.19"]
[Round "9.2"]
[White "Queirolo Perez, Manuel"]
[Black "Gromovs, Sergejs"]
[Result "0-1"]
[WhiteElo "2096"]
[BlackElo "2001"]
[PlyCount "104"]
[EventDate "2013.01.12"]
[EventType "swiss"]
[EventRounds "9"]
[EventCountry "ESP"]
[Source "lmi"]
[SourceDate "2013.01.12"]

1. e4 d6 2. d4 Nf6 3. Nc3 g6 4. Be2 Bg7 5. Be3 c6 6. h4 h5 7. f3 Nbd7 8. Qd2 b5
9. a3 Nb6 10. b3 Qc7 11. Nh3 Bd7 12. Nf2 a6 13. a4 b4 14. Ncd1 a5 15. Nb2 Be6
16. O-O-O c5 17. dxc5 dxc5 18. Bf4 Qc8 19. Bb5+ Bd7 20. Qd3 O-O 21. Bxd7 Nfxd7
22. Nc4 Qc6 23. e5 Rfd8 24. Nxb6 Qxb6 25. Qe4 Rac8 26. Rd5 c4 27. Be3 Qe6 28.
bxc4 Nxe5 29. Rhd1 Re8 30. c5 f5 31. Qf4 Nf7 32. Nh3 Qc6 33. Qg3 Kh7 34. Nf4
Qf6 35. Bd4 e5 36. Nxh5 gxh5 37. Bb2 Red8 38. Qh3 Rxd5 39. Rxd5 Rd8 40. Rxd8
Nxd8 41. g4 hxg4 42. fxg4 fxg4 43. Qd3+ Kh8 44. Kb1 e4 45. Bxf6 exd3 46. Bg5
dxc2+ 47. Kxc2 Nc6 48. Be3 Bd4 49. Bf4 Bxc5 50. Kb3 Bf2 51. Kc4 g3 52. Kb5 g2
0-1

[Event "WinterChess sub 2200 enero 2013"]
[Site "Palma de Mallorca ESP"]
[Date "2013.01.19"]
[Round "9.3"]
[White "Ponce Cano, Adrian"]
[Black "Guerreiro, Nuno"]
[Result "1-0"]
[WhiteElo "2078"]
[BlackElo "2085"]
[PlyCount "81"]
[EventDate "2013.01.12"]
[EventType "swiss"]
[EventRounds "9"]
[EventCountry "ESP"]
[Source "lmi"]
[SourceDate "2013.01.12"]

1. e4 c5 2. Nf3 g6 3. c3 Bg7 4. d4 cxd4 5. cxd4 d5 6. exd5 Nf6 7. Bb5+ Bd7 8.
Bc4 O-O 9. Nc3 Bg4 10. h3 Bxf3 11. Qxf3 Nbd7 12. O-O Nb6 13. Bb3 Qd7 14. Re1
Rad8 15. Bg5 h6 16. d6 Qxd6 17. Bf4 Qb4 18. Be5 Rd7 19. Ne4 Nxe4 20. Rxe4 Nc4
21. Bxg7 Nd2 22. Qe3 Kxg7 23. Rh4 g5 24. Rg4 Nxb3 25. axb3 f5 26. Rg3 Qxd4 27.
Rxa7 Qd1+ 28. Kh2 f4 29. Qe5+ Rf6 30. Rf3 Kf7 31. Ra8 Qb1 32. Qb8 Ke6 33. Qc8
Qd1 34. Rc3 f3 35. Re3+ Kd6 36. Qc4 Rf4 37. Rd3+ Ke5 38. Qb5+ Kf6 39. Rxd1 Rxd1
40. Rf8+ Kg6 41. Qe8+ 1-0

[Event "WinterChess sub 2200 enero 2013"]
[Site "Palma de Mallorca ESP"]
[Date "2013.01.19"]
[Round "9.4"]
[White "Juan Mas, Santiago"]
[Black "Vallespir Salor, Gabriel"]
[Result "0-1"]
[WhiteElo "2025"]
[BlackElo "2102"]
[PlyCount "94"]
[EventDate "2013.01.12"]
[EventType "swiss"]
[EventRounds "9"]
[EventCountry "ESP"]
[Source "lmi"]
[SourceDate "2013.01.12"]

1. e4 c6 2. d4 d6 3. Nf3 Nf6 4. Nc3 Bg4 5. Be2 e6 6. Be3 Be7 7. Nd2 Bxe2 8.
Nxe2 Nbd7 9. f3 b5 10. a4 a6 11. O-O O-O 12. a5 c5 13. c3 Nb8 14. b4 cxb4 15.
cxb4 d5 16. e5 Nfd7 17. Nb3 Bxb4 18. Qc2 f6 19. Nf4 Re8 20. Nd3 Bf8 21. Rfc1
Ra7 22. f4 Rb7 23. Bd2 Qe7 24. Bb4 Qf7 25. Qc3 g5 26. fxg5 fxe5 27. dxe5 Qf5
28. Bxf8 Nxf8 29. Rf1 Qxg5 30. Rf3 Ng6 31. Raf1 Rg7 32. Rg3 Qh4 33. Nd4 Nd7 34.
Nf3 Qc4 35. Qd2 Nc5 36. Nxc5 Qxc5+ 37. Kh1 Rf8 38. Rc1 Qe7 39. h3 Qf7 40. Ng5
Qf4 41. Qxf4 Nxf4 42. Rg4 Nd3 43. Rc6 Nf2+ 44. Kg1 Nxg4 45. Nxe6 Nxe5 46. Rxa6
Rg6 47. Rb6 Re8 0-1

[Event "WinterChess sub 2200 enero 2013"]
[Site "Palma de Mallorca ESP"]
[Date "2013.01.19"]
[Round "9.5"]
[White "Munar Rossello, Pedro"]
[Black "Llorens Hofman, Ivan"]
[Result "1-0"]
[WhiteElo "2076"]
[BlackElo "2036"]
[PlyCount "113"]
[EventDate "2013.01.12"]
[EventType "swiss"]
[EventRounds "9"]
[EventCountry "ESP"]
[Source "lmi"]
[SourceDate "2013.01.12"]

1. d4 Nf6 2. c4 g6 3. Nc3 Bg7 4. e4 d6 5. Nf3 O-O 6. Be2 Na6 7. O-O e5 8. Bg5
h6 9. Bh4 Qe8 10. d5 Bd7 11. Nd2 g5 12. Bg3 Nc5 13. b4 Na4 14. Qb3 Nxc3 15.
Qxc3 c5 16. bxc5 dxc5 17. Rfe1 b6 18. Bd1 Qe7 19. Rb1 Ne8 20. Nf3 f6 21. a4 Nd6
22. Bc2 Rfc8 23. a5 b5 24. Nd2 a6 25. f3 Qd8 26. Ra1 Rab8 27. Bf2 Bf8 28. Reb1
Qc7 29. Qd3 Rb7 30. g3 Bg7 31. Qe2 Kh8 32. Be3 Rcb8 33. Kf2 Qc8 34. h4 Kg8 35.
hxg5 fxg5 36. g4 Rc7 37. Bd3 Qf8 38. cxb5 axb5 39. a6 c4 40. a7 Ra8 41. Bc2 c3
42. Nb3 Nc4 43. Kg2 Nxe3+ 44. Qxe3 Qd6 45. Ra5 Bf8 46. Rba1 Rcc8 47. Ra6 Qc7
48. Rb6 Be8 49. Raa6 Rxa7 50. Rxa7 Qxa7 51. Rg6+ Qg7 52. Rxg7+ Kxg7 53. Qb6 Rc4
54. d6 Ra4 55. Qc7+ Kg8 56. d7 Bxd7 57. Qxd7 1-0

[Event "WinterChess sub 2200 enero 2013"]
[Site "Palma de Mallorca ESP"]
[Date "2013.01.19"]
[Round "9.6"]
[White "Nadal Marti, Bernardo Pedro"]
[Black "Bestard Borras, Miguel"]
[Result "1/2-1/2"]
[WhiteElo "1941"]
[BlackElo "2178"]
[PlyCount "24"]
[EventDate "2013.01.12"]
[EventType "swiss"]
[EventRounds "9"]
[EventCountry "ESP"]
[Source "lmi"]
[SourceDate "2013.01.12"]

1. d4 d5 2. c4 c6 3. Nc3 Nf6 4. Nf3 a6 5. Bg5 Ne4 6. Bh4 Nxc3 7. bxc3 dxc4 8.
e4 b5 9. Be2 Bb7 10. O-O Nd7 11. Nd2 Nf6 12. f4 Qb6 1/2-1/2

[Event "WinterChess sub 2200 enero 2013"]
[Site "Palma de Mallorca ESP"]
[Date "2013.01.19"]
[Round "9.7"]
[White "Gaya Llodra, Juan"]
[Black "Cerdo Fernandez, Miguel"]
[Result "1-0"]
[WhiteElo "2173"]
[BlackElo "1946"]
[PlyCount "47"]
[EventDate "2013.01.12"]
[EventType "swiss"]
[EventRounds "9"]
[EventCountry "ESP"]
[Source "lmi"]
[SourceDate "2013.01.12"]

1. d4 Nf6 2. Nf3 g6 3. g3 Bg7 4. Bg2 O-O 5. O-O d6 6. c4 c6 7. Nc3 Qc7 8. h3 e5
9. e4 Re8 10. Be3 Nbd7 11. Qc2 Nf8 12. Rad1 Bd7 13. c5 Qc8 14. cxd6 exd4 15.
Bxd4 Bxh3 16. Rfe1 Bxg2 17. Kxg2 Qd8 18. Qb3 b6 19. Ne5 Qxd6 20. Qxf7+ Kh8 21.
Qxe8 Nxe8 22. Nf7+ Kg8 23. Nxd6 Bxd4 24. Rxd4 1-0

[Event "WinterChess sub 2200 enero 2013"]
[Site "Palma de Mallorca ESP"]
[Date "2013.01.19"]
[Round "9.8"]
[White "Planas Gene, Juan"]
[Black "Sanchez Fernandez, Jose Joaqui"]
[Result "1-0"]
[WhiteElo "2109"]
[BlackElo "1989"]
[PlyCount "145"]
[EventDate "2013.01.12"]
[EventType "swiss"]
[EventRounds "9"]
[EventCountry "ESP"]
[Source "lmi"]
[SourceDate "2013.01.12"]

1. d4 Nf6 2. c4 e6 3. Nc3 Bb4 4. Qc2 c5 5. dxc5 Bxc3+ 6. Qxc3 Ne4 7. Qc2 Qa5+
8. Bd2 Nxd2 9. Qxd2 Qxc5 10. b4 Qe5 11. Rc1 O-O 12. Nf3 Qh5 13. e3 b6 14. Be2
Bb7 15. O-O Qg6 16. Rfd1 f5 17. Nh4 Qh6 18. Bf3 Be4 19. Bxe4 fxe4 20. g3 Qf6
21. Rc2 g5 22. Ng2 Nc6 23. Ne1 Ne5 24. Qd4 Qf5 25. Rdd2 Rf6 26. f3 Ng4 27. h3
Ne5 28. Qxe4 Qxe4 29. fxe4 Raf8 30. Kg2 g4 31. h4 Rf1 32. Re2 R8f7 33. c5 b5
34. c6 Nxc6 35. Rc5 a6 36. Rg5+ Kf8 37. Rxg4 Nxb4 38. Rf4 R1xf4 39. exf4 d6 40.
a3 Nc6 41. Nf3 e5 42. Rc2 Nd4 43. Nxd4 exd4 44. Rd2 Rc7 45. Rxd4 Ke7 46. Rd3
Rc4 47. Kf3 h5 48. f5 a5 49. Kf4 b4 50. axb4 axb4 51. Ke3 Rc5 52. Rb3 Rb5 53.
Kd4 Kf6 54. Kc4 Re5 55. Kd4 Rb5 56. g4 hxg4 57. Ke3 Ke5 58. h5 d5 59. exd5 Kxd5
60. Kf4 Kc4 61. Rb1 g3 62. h6 Rb7 63. Kxg3 Rh7 64. Rh1 Kd5 65. Kg4 Ke5 66. Kg5
b3 67. Re1+ Kd5 68. Kg6 Rh8 69. Kg7 Rb8 70. h7 Rb7+ 71. Kg6 Rb8 72. f6 b2 73.
Kf7 1-0